Komparácia daňového systému SR a vybraných krajín EÚ bakalárska práca
Uložené v:
| Hlavný autor: | |
|---|---|
| Korporativný autor: | |
| Ďalší autori: | |
| Médium: | Kniha |
| Jazyk: | Slovak |
| Vydavateľské údaje: |
Bratislava
2015
|
| Tagy: |
Žiadne tagy, Buďte prvý, kto otaguje tento záznam!
|
MARC
| LEADER | 00000nbm a2200000 4500 | ||
|---|---|---|---|
| 001 | 0204905 | ||
| 005 | 20161212094803.6 | ||
| 041 | 0 | |a slo | |
| 044 | |a SK | ||
| 245 | 1 | 0 | |a Komparácia daňového systému SR a vybraných krajín EÚ |b bakalárska práca |c Dominika Pokryvačová ; školiteľ: Jozef Jankech |
| 264 | 1 | |a Bratislava |c 2015 | |
| 300 | |a 34 s. | ||
| 100 | 1 | |a Pokryvačová, Dominika | |
| 700 | 1 | |a Jankech, Jozef | |
| 710 | 2 | |a Národohospodárska fakulta EU. Katedra financií | |